Introduction To Radar Systems (Record no. 309742)

MARC details
000 -LEADER
fixed length control field 00428nam a2200169Ia 4500
008 - FIXED-LENGTH DATA ELEMENTS--GENERAL INFORMATION
fixed length control field 230718s9999 xx 000 0 und d
041 ## - LANGUAGE CODE
Language code of text/sound track or separate title eng
082 ## - DEWEY DECIMAL CLASSIFICATION NUMBER
Classification number 621.3848
Item number SKO
100 ## - MAIN ENTRY--PERSONAL NAME
Personal name Skolink M.I.
245 ## - TITLE STATEMENT
Title Introduction To Radar Systems
250 ## - EDITION STATEMENT
Edition statement 3rd ed.
260 ## - PUBLICATION, DISTRIBUTION, ETC. (IMPRINT)
Date of publication, distribution, etc. 2004
Name of publisher, distributor, etc. Tata McGraw-Hill
300 ## - PHYSICAL DESCRIPTION
Extent 772
365 ## - TRADE PRICE
Currency code Rs.
Price amount 285.00
700 ## - ADDED ENTRY--PERSONAL NAME
Personal name Skolink M.I.
906 ## - LOCAL DATA ELEMENT F, LDF (RLIN)
d B:22574/16.2.0503-Oct-2003
c ETC
b 57
Holdings
Withdrawn status Lost status Source of classification or shelving scheme Reference No Damaged status Not for loan Home library Current library Date acquired Vendor Budget Code Cost, normal purchase price Bill number Full call number Barcode Date last seen Discount Cost, replacement price Bill Date Koha item type Original Barcode
    Dewey Decimal Classification Ref 775 E (20949)   Reference Cummins College of Engineering for Women Pune Cummins College of Engineering for Women Pune 15/02/2005 Pradeep Book Distributors ETC 228.00 22574/16.2.05 621.3848 CCEP-BK-20949 18/07/2023 57 285.00 03/10/2003 Books 020949